Rokovací poriadok 1 podkladový materiál pre delegátov konferencie

Bibliographic Details
Format: Book
Language:Slovak
PhysicalDescription:4 s. 29 cm
Published: Banská Bystrica KVOZ prac. kovopriemyslu 1979
Edition:1. vyd.
Subjects:

MARC

LEADER 00000nam a2200000 a 4500
001 vtls001258447
003 SK-MaSNL
005 20260301003655.0
008 180815s1979 xo f 10000 slo
015 |a SNBA1979 
035 |a SNK000209284 
040 |a SNK  |b slo  |c SNK  |e AACR2 
041 0 |a slo 
043 |a e-xo--- 
044 |a xo  |c SK 
080 |a 672(437:64):331.881"1979"  |2 1981 
080 |a 64)  |2 1981 
080 |a 331.881"1979"  |2 1981 
080 |a 331.881  |2 1981 
080 |a 672(437.64)"1979"  |2 1981 
245 0 0 |a Rokovací poriadok 1  |b podkladový materiál pre delegátov konferencie 
250 |a 1. vyd. 
260 |a Banská Bystrica  |b KVOZ prac. kovopriemyslu  |c 1979 
300 |a 4 s.  |c 29 cm 
500 |a Oficiálny dokument 
650 0 7 |a kovopriemysel  |2 SNKPH  |9 285356 
650 0 7 |a odborové organizácie  |2 SNKPH  |9 285357 
651 7 |a Stredoslovenský kraj (Slovensko)  |2 SNKPH  |9 161135 
655 7 |a dokumenty  |2 SNKPH  |9 70482 
958 |a OND 
958 |a BQ 
958 |a TL 
999 |c 539913  |d 541843 
952 |a SNK  |b SNK  |y PREZ  |7 0  |p 17A0981508  |o snkSB 33537/1  |i snkKSP 2259/82  |0 0  |1 0  |4 0  |d 2014-05-27  |f 1  |l 0  |r 2025-04-08 00:00:00  |w 2026-02-23 
952 |a SNK  |b SNK  |y VYP  |7 0  |o snkSB 33537/1 D1  |i snkKSP 2260/82  |0 0  |1 0  |4 0  |d 2014-05-27  |l 0  |r 2026-02-23 12:37:16  |w 2026-02-23